Prognózování devizového kurzu prostřednictvím teorie přirozeného kurzu a teorie platební bilance

Otázky prognózovania devízového kurzu. Ekonomická veda doposiaľ nenašla spôsob, ako presne určovať budúci devízový kurz. Načrtnutie určitého systému vo forme vzorca, ktorý umožňuje kvantifikáciu budúceho kurzového vývoja. Niektoré námety pre ďalšie teoretické i praktické bádanie v oblasti platobnej...

Ausführliche Beschreibung

Gespeichert in:
Bibliographische Detailangaben
1. Verfasser: Nesládková, Markéta
Format: Buchkapitel
Sprache:Tschechisch
Schlagworte:
Tags: Tag hinzufügen
Keine Tags, Fügen Sie das erste Tag hinzu!

MARC

LEADER 00000naa$a2200000$$$4500
001 0025926
005 20231107070632.1
041 0 |a cze 
044 |a CZ 
245 1 0 |a Prognózování devizového kurzu prostřednictvím teorie přirozeného kurzu a teorie platební bilance  |c Markéta Nesládková - Dubová 
520 |a Otázky prognózovania devízového kurzu. Ekonomická veda doposiaľ nenašla spôsob, ako presne určovať budúci devízový kurz. Načrtnutie určitého systému vo forme vzorca, ktorý umožňuje kvantifikáciu budúceho kurzového vývoja. Niektoré námety pre ďalšie teoretické i praktické bádanie v oblasti platobnej bilancie pre účely predikcie devízového kurzu. Príklad výpočtu. 
610 2 0 |a kurz devízový 
610 2 0 |a prognózovanie 
610 2 0 |a bilancia platobná 
610 2 0 |a kvantifikácia 
610 2 0 |a pohyby kurzové 
100 1 |a Nesládková, Markéta